00811cam a2200205 a 450000100100000000500170001000800410002704000230006808200180009110000420010924500480015126001120019930000270031149000230033860000460036183000280040791000340043595201210046999900150059000000715120200929154100.0760120s1969 ve a b 001 0 spa  aDO-SdBNPcAzUdDLC a928.87bR457R1 aRodulfo Cortes, Santos,d1924-91985010aJ. F. Reyes Baena /cSantos Rodulfo Cortes. aCaracas, (Venezuela: :bEscuela de Biblioteconomía y Archivos ;bUniversidad Central de Venezuela,c1969. a99 p. :bil. ;c16 cm.1 aBibliográficav910aREYES BAENA, JUAN FRANCISCOd1909-919851 0aBibliográficav99112 aCatalogación por copia / LC 001052708MOaGRbGRcCTd2009-09-04iLF1l0o928.87 R457Rp7151-10r2020-06-25w2020-06-25y2ZPréstamo interno c6932d6932